Classical Mechanics 3rd Edition (Record no. 531206)

000 -LEADER
fixed length control field 00289nam a2200121Ia 4500
008 - FIXED-LENGTH DATA ELEMENTS--GENERAL INFORMATION
fixed length control field 191014s9999 xx 000 0 und d
082 ## - DEWEY DECIMAL CLASSIFICATION NUMBER
Classification number 531
Author Mark GOL
100 ## - MAIN ENTRY--PERSONAL NAME
Personal name Herbert Goldstein
9 (RLIN) 20350
245 #0 - TITLE STATEMENT
Title Classical Mechanics 3rd Edition
260 ## - PUBLICATION, DISTRIBUTION, ETC.
Date of publication, distribution, etc. 2000
300 ## - PHYSICAL DESCRIPTION
Extent Xi,638
942 ## - ADDED ENTRY ELEMENTS (KOHA)
Koha item type Book
Holdings
Withdrawn status Lost status Damaged status Not for loan Permanent Location Current Location Date acquired Source of acquisition Cost, normal purchase price Total Checkouts Full call number Barcode Date last seen Price effective from Koha item type
        School of Natural Sciences (SNS) School of Natural Sciences (SNS) 10/15/2019 Donation 0.00   531GOL SNS0002983 10/05/2022 10/15/2019 Book
© 2023 Central Library, National University of Sciences and Technology. All Rights Reserved.